书目信息 |
| 题名: |
打造神话的人
|
|
| 作者: | 季冰冰 , 吴玉红 主编 | |
| 分册: | ||
| 出版信息: | 北京 中国物资出版社 2005.04 |
|
| 页数: | 240页 | |
| 开本: | 20cm | |
| 丛书名: | ||
| 单 册: | ||
| 中图分类: | K815.38 | |
| 科图分类: | ||
| 主题词: | 传记 | |
| 电子资源: | ||
| ISBN: | 7-5047-2338-X | |
| 000 | 00721nam0 2200229 450 | |
| 001 | 0658664932 | |
| 005 | 20060602090357.88 | |
| 010 | @a7-5047-2338-X@dCNY25.80 | |
| 100 | @a20060531d2005 km y0chiy0120 ea | |
| 101 | 0 | @achi |
| 102 | @aCN@b110000 | |
| 200 | 1 | @a打造神话的人@Ada zao shen hua de ren@e外国近现代产业巨子@f季冰冰,吴玉红主编@Fji bing bing,wu yu hong zhu bian |
| 210 | @a北京@c中国物资出版社@d2005.04 | |
| 215 | @a240页@d20cm | |
| 300 | @a优秀人才成长方案 | |
| 517 | 1 | @a外国近现代产业巨子@Awai guo jin xian dai chan ye ju zi |
| 606 | 0 | @a传记 |
| 690 | @aK815.38@v4 | |
| 701 | 0 | @a季冰冰@Aji bing bing@4主编 |
| 701 | 0 | @a吴玉红@Awu yu hong@4主编 |
| 801 | 0 | @aCN@bPFT@c20060602 |
| 905 | @aBZT@dK815.38@e1 | |
| 打造神话的人:外国近现代产业巨子/季冰冰,吴玉红主编.-北京:中国物资出版社,2005.04 |
| 240页;20cm |
| 优秀人才成长方案 |
| ISBN 7-5047-2338-X:CNY25.80 |
| ● |
| 相关链接 |
|
|
|
正题名:打造神话的人
索取号:K815.38/1
 
预约/预借
| 序号 | 登录号 | 条形码 | 馆藏地/架位号 | 状态 | 备注 |
| 1 | 443475 | 230001059 | 中心书库南/019架A面1层6列/ [索取号:K815.38/1] | 在馆 | |
| 2 | 443476 | 230001060 | 中心书库南/019架A面1层6列/ [索取号:K815.38/1] | 在馆 | |
| 3 | 443477 | 230001061 | 中心书库南/019架A面1层6列/ [索取号:K815.38/1] | 在馆 | |
| 4 | 443478 | 230001062 | 中心书库南/019架A面1层6列/ [索取号:K815.38/1] | 在馆 | |
| 5 | 443479 | 230001063 | 中心书库南/019架A面1层6列/ [索取号:K815.38/1] | 在馆 | |
| 6 | 556804 | 230119957 | 中心书库南/019架A面1层6列/ [索取号:K815.38/1] | 在馆 | |
| 7 | 556805 | 230119956 | 中心书库南/019架A面1层6列/ [索取号:K815.38/1] | 在馆 | |
| 8 | 556806 | 230119955 | 中心书库南/019架A面1层6列/ [索取号:K815.38/1] | 在馆 | |
| 9 | 556807 | 230119954 | 中心书库南/019架A面1层6列/ [索取号:K815.38/1] | 在馆 | |
| 10 | 556808 | 230119953 | 中心书库南/019架A面1层6列/ [索取号:K815.38/1] | 在馆 | |
| 11 | 556809 | 230119948 | 中心书库南/019架A面1层6列/ [索取号:K815.38/1] | 在馆 | |
| 12 | 556810 | 230119952 | 中心书库南/019架A面1层6列/ [索取号:K815.38/1] | 在馆 | |
| 13 | 556811 | 230119951 | 中心书库南/019架A面1层6列/ [索取号:K815.38/1] | 在馆 | |
| 14 | 556812 | 230119950 | 中心书库南/019架A面1层6列/ [索取号:K815.38/1] | 在馆 | |
| 15 | 556813 | 230119949 | 中心书库南/019架A面1层6列/ [索取号:K815.38/1] | 在馆 |